| 000 | 01396cam a2200337 4500 | ||
|---|---|---|---|
| 008 | 020418n 000 0 eng u | ||
| 020 | _a0632057653 | ||
| 035 | _a(Sirsi) u117562 | ||
| 041 | _aeng. | ||
| 050 | _a695 | ||
| 100 | _aGoss, R. | ||
| 245 | _aRoofing ready reckoner: metric and imperial dimensions for timber roofs of any span and pitch | ||
| 250 | _a3rd ed. | ||
| 260 |
_av,183p. _bill. _c12cm. |
||
| 300 |
_aOxford _bBlackwell Science _c2001 |
||
| 350 | _a9.99 | ||
| 520 | _aA useful reference for those constructing roofs for new buildings and extensions using cut roof or trussed rafter construction. The tables include data for common rafters, hips and valley and can also be used for attic construction. Also contains illustrations and text on wall plate and gable end strapping, wind bracing, truss clips and other roofing metalwork, and information on the tools and equipment that can be used to carry out this type of work. Information is given in both metric and imperial units. | ||
| 650 | _aROOFING | ||
| 650 | _aTIMBER ROOFING | ||
| 650 | _aCUT ROOF CONSTRUCTION | ||
| 650 | _aTRUSSED RAFTER ROOFS | ||
| 650 | _aROOFING MATERIALS | ||
| 650 | _aROOFING METALWORK | ||
| 650 | _aCALCULATIONS | ||
| 650 | _aWIND BRACING | ||
| 650 | _aGABLE STRAPPING | ||
| 650 | _aEQUIPMENT | ||
| 690 | _aBUILT ENVIRONMENT | ||
| 700 | _aMindham, C. | ||
| 942 | _n0 | ||
| 999 |
_c102024 _d102024 |
||